The practice of market research (Record no. 5407)

MARC details
000 -CABECERA
campo de control de longitud fija 03083pam a2200373 i 4500
001 - NÚMERO DE CONTROL
campo de control 990227879710107026
003 - IDENTIFICADOR DEL NÚMERO DE CONTROL
campo de control UkOxU
005 - FECHA Y HORA DE LA ÚLTIMA TRANSACCIÓN
campo de control 20260310143823.0
008 - DATOS DE LONGITUD FIJA--INFORMACIÓN GENERAL
campo de control de longitud fija 210914s2022 njua b 001|0|eng|d
015 ## - NÚMERO DE BIBLIOGRAFÍA NACIONAL
Número de bibliografía nacional GBC1G1466
Fuente bnb
016 7# - NÚMERO DE CONTROL DE UNA AGENCIA BIBLIOGRÁFICA NACIONAL
Número de control del registro 020340438
Fuente Uk
020 ## - NÚMERO INTERNACIONAL ESTÁNDAR DEL LIBRO
Número Internacional Estándar del Libro 9781292331362
Información calificativa print
-- paperback
Condiciones de disponibilidad Đ45.99
020 ## - NÚMERO INTERNACIONAL ESTÁNDAR DEL LIBRO
ISBN cancelado o inválido 9781292331348
Información calificativa PDF
Condiciones de disponibilidad Đ45.99
020 ## - NÚMERO INTERNACIONAL ESTÁNDAR DEL LIBRO
ISBN cancelado o inválido 9781292331379
Información calificativa ePub
Condiciones de disponibilidad Đ45.99
035 ## - NÚMERO DE CONTROL DEL SISTEMA
Número de control de sistema (UkOxU)022787971
035 ## - NÚMERO DE CONTROL DEL SISTEMA
Número de control de sistema (UkOxU)022787971BIB01
035 ## - NÚMERO DE CONTROL DEL SISTEMA
Número de control de sistema (Uk)020340438
040 ## - FUENTE DE LA CATALOGACIÓN
Centro catalogador/agencia de origen StDuBDS
Lengua de catalogación eng
Normas de descripción rda
Centro/agencia transcriptor StDuBDS
Centro/agencia modificador Uk
-- UkOxU
041 ## - CÓDIGO DE LENGUA
Código de lengua del texto/banda sonora o título independiente English
042 ## - CÓDIGO DE AUTENTICACIÓN
Código de autenticación ukblsr
100 ## - ENTRADA PRINCIPAL--NOMBRE DE PERSONA
Nombre de persona McGivern, Yvonne,
Término indicativo de función/relación author.
9 (RLIN) 26860
245 14 - MENCIÓN DE TÍTULO
Título The practice of market research
Resto del título : from data to insight
Mención de responsabilidad, etc. / Yvonne McGivern.
250 ## - MENCIÓN DE EDICIÓN
Mención de edición Fifth edition.
264 #1 - PRODUCCIÓN, PUBLICACIÓN, DISTRIBUCIÓN, FABRICACIÓN Y COPYRIGHT
Producción, publicación, distribución, fabricación y copyright Harlow, England :
Nombre del de productor, editor, distribuidor, fabricante Pearson,
Fecha de producción, publicación, distribución, fabricación o copyright 2022.
300 ## - DESCRIPCIÓN FÍSICA
Extensión xxv, 640 pages :
Otras características físicas illustrations (black and white) ;
Dimensiones 25 cm
500 ## - NOTA GENERAL
Nota general Previous edition: Harlow : Pearson, 2013.
500 ## - NOTA GENERAL
Nota general Formerly CIP.
Institución que aplica el campo Uk
504 ## - NOTA DE BIBLIOGRAFÍA, ETC.
Nota de bibliografía, etc. Includes bibliographical references and index.
505 ## - NOTA DE CONTENIDO CON FORMATO
Nota de contenido con formato Part 1 — Introducing market and social research —<br/>Research, data and insight —<br/>The practice of market and social research —<br/>Types of data and research —<br/><br/>Part 2 — Planning and designing research —<br/>Business problem and research problem —<br/>Research design —<br/>Writing a research brief —<br/>Writing a research proposal —<br/><br/>Part 3 — Secondary or existing data —<br/>Sources of existing data —<br/>Evaluating existing data —<br/><br/>Part 4 — Qualitative research —<br/>Qualitative research methods —<br/>Doing qualitative research —<br/>Analysing qualitative data —<br/><br/>Part 5 — Quantitative research —<br/>Methods of data collection —<br/>Sampling —<br/>Designing questionnaires —<br/>Understanding data —<br/>Analysing quantitative data —<br/>Data mining and data analytics —<br/><br/>Part 6 — Bringing it all together: Managing and reviewing a project —<br/>Communicating the finding.
520 ## - SUMARIO, ETC.
Sumario, etc. The Practice of Market Research: From Data to Insight, 5th edition, by McGivern offers a thorough introduction to the practice of market and social research. It is structured around the research process – from defining the problem to be researched to communicating the insight which the research produces. An ideal companion for a market research student or anyone doing a research project, the book takes you through data analytics and data mining in a market research context, in addition to explaining the ethical, legal and regulatory context in which research operates.<br/>The ‘Industry Insights’ draw real-world examples from successful market research projects in companies such as Formula One, BBC, IBM, PayPal, Twinings and Volvo. There are also examples of research on social issues including the COVID-19 pandemic, anti-social behaviour, HIV/AIDS, cancer support and many more. The new edition supports the MRS Advanced Certificate in Market and Social Research Practice.
650 #0 - PUNTO DE ACCESO ADICIONAL DE MATERIA--TÉRMINO DE MATERIA
Término de materia o nombre geográfico como elemento de entrada Marketing research
9 (RLIN) 1465
650 #0 - PUNTO DE ACCESO ADICIONAL DE MATERIA--TÉRMINO DE MATERIA
Término de materia o nombre geográfico como elemento de entrada Marketing research
Subdivisión general Methodology
9 (RLIN) 8379
942 ## - ELEMENTOS DE ENTRADA AGREGADA (KOHA)
Fuente del sistema de clasificación o colocación Clasificación de Library of Congress
Holdings
Estado de retiro Estado de pérdida Fuente del sistema de clasificación o colocación Estado dañado No para préstamo Biblioteca de origen Biblioteca actual Fecha de adquisición Total de préstamos Fecha visto por última vez Número de copia Precio válido a partir de Tipo de ítem Koha Nota pública
    Clasificación de Library of Congress     TBS Barcelona TBS Barcelona 10/03/2026   10/03/2026 1 10/03/2026 Book SOON AVAILABLE

Powered by Koha